| 000 | 01057cab a22002415a 4500 | ||
|---|---|---|---|
| 001 | L144804 | ||
| 008 | 080811e20080809xxka f 000 0 eng d | ||
| 035 | _a(Sirsi) u144804 | ||
| 041 | 0 | _aeng | |
| 100 | 1 | _aDollar, Peta | |
| 245 | 0 | 4 | _aThe essential ingredient |
| 260 | _c2008 | ||
| 490 |
_aEstates Gazette _v(0831) 9 August 2008, 86-87(2) |
||
| 520 | _aMainly for students article discusses the differences between leases and licenses and argues that the distinction can help decide the rights and securities of tenure for the tenant. States that exclusive possession is the key identifier of a lease and explains that this gives a lessee rights under the landlord and Tenant Act 1954 that they would not otherwise enjoy. | ||
| 650 | 2 | 4 | _aAKICI V LR BUTLIN LTD |
| 650 | 2 | 4 | _aCAMERON LTD V ROLLS-ROYCE PLC |
| 650 | 2 | 4 | _aCLEAR CHANNEL UK LTD V MANCHESTER CITY COUNCIL |
| 650 | 2 | 4 | _aLANDLORD AND TENANT ACT 1954 |
| 650 | 2 | 4 | _aSTREET V MOUNTFORD |
| 651 | 4 |
_aUnited Kingdom _y |
|
| 690 | _aPROPERTY-PROPERTY ACQUISITION AND DISPOSAL | ||
| 942 | _n0 | ||
| 999 |
_c80598 _d80598 |
||